Các quy định pháp luật về tài chính (Văn bản 1998 - 1999)
Các quy định pháp luật về thuế và lệ phí; Về ngân sách nhà nước; Về quản lý tài sản nhà nước; Về quản lý tài chính doanh nghiệp; Về các quỹ và hành chính sự nghiệp và các quy định quản lý tài chính đối ngoại, quy định về thanh tra, kiể...
שמור ב:
| פורמט: | ספר |
|---|---|
| שפה: | Undetermined |
| יצא לאור: |
Hà Nội
Chính trị Quốc gia
1999
|
| נושאים: | |
| תגים: |
הוספת תג
אין תגיות, היה/י הראשונ/ה לתייג את הרשומה!
|
| Thư viện lưu trữ: | Trung tâm Học liệu Trường Đại học Cần Thơ |
|---|
| LEADER | 01021nam a2200205Ia 4500 | ||
|---|---|---|---|
| 001 | CTU_35073 | ||
| 008 | 210402s9999 xx 000 0 und d | ||
| 020 | |c 196000 | ||
| 082 | |a 343.03 | ||
| 082 | |b C103 | ||
| 245 | 0 | |a Các quy định pháp luật về tài chính (Văn bản 1998 - 1999) | |
| 260 | |a Hà Nội | ||
| 260 | |b Chính trị Quốc gia | ||
| 260 | |c 1999 | ||
| 520 | |a Các quy định pháp luật về thuế và lệ phí; Về ngân sách nhà nước; Về quản lý tài sản nhà nước; Về quản lý tài chính doanh nghiệp; Về các quỹ và hành chính sự nghiệp và các quy định quản lý tài chính đối ngoại, quy định về thanh tra, kiểm tra tài chính. | ||
| 650 | |a Accounting,Finance, public,Managerial accounting | ||
| 650 | |x Law and legislation,Law and legislation | ||
| 650 | |z Vietnam,Vietnam | ||
| 904 | |i Minh | ||
| 980 | |a Trung tâm Học liệu Trường Đại học Cần Thơ | ||